El cristianismo entre las religiones del mundo.
Đã lưu trong:
| Tác giả chính: | |
|---|---|
| Tác giả khác: | |
| Định dạng: | Sách |
| Ngôn ngữ: | Tiếng Tây Ban Nha |
| Được phát hành: |
Buenos Aires, Argentina:
Emecé Editores:
1960.
|
| Những chủ đề: | |
| Các nhãn: |
Thêm thẻ
Không có thẻ, Là người đầu tiên thẻ bản ghi này!
|
MARC
| LEADER | 00000nam a2200000 a 4500 | ||
|---|---|---|---|
| 001 | UCP4613 | ||
| 003 | CL-VaPUC | ||
| 005 | 20220822114340.0 | ||
| 008 | 990806e19600000AG |||||||||||||||||spa|d | ||
| 999 | |c 282523 |d 282521 | ||
| 040 | |c Pontificia Universidad Católica de Valparaíso | ||
| 082 | 0 | 4 | |a 209 TOY 1960 |2 21 |
| 100 | |a Toynbee, Arnold Joseph |e autor |9 315218 | ||
| 245 | 1 | 3 | |a El cristianismo entre las religiones del mundo. |
| 260 | |a Buenos Aires, Argentina: |b Emecé Editores: |c 1960. | ||
| 300 | |a 141 páginas. | ||
| 500 | |a c.3 Donación Familia Prof. Alejandro Guzmán Brito. | ||
| 583 | |a last modification |c 19990806 00:00:00 |k Rodrigo Vera | ||
| 650 | 0 | |a Cristianismo |9 257361 | |
| 650 | 0 | |a Religión |x Teoría y crítica |9 255164 | |
| 650 | 0 | |a Teocentrismo |2 CL-VaPUC |9 432178 | |
| 650 | 0 | |a Antropocentrismo |2 CL-VaPUC |9 432179 | |
| 700 | 1 | |a Bixio, Alberto Luis |e traducción |9 865366 | |
| 942 | |c BK |2 ddc |n 0 | ||
| 945 | |d 19990806 00:00:00 |a crobeson | ||
| 952 | |0 0 |1 0 |4 0 |6 209_000000000000000_TOY_1960 |7 0 |8 A |9 324356 |a BIBHIS |b BIBHIS |d 2019-11-20 |i 1354914 |o 209 TOY 1960 |p 1354914 |r 2025-01-20 |w 2019-11-20 |y BK |k HIS | ||
| 952 | |0 0 |1 0 |4 0 |6 209_000000000000000_TOY_1960 |7 0 |8 A |9 324357 |a BIBHIS |b BIBHIS |d 2019-11-20 |i 1259830 |o 209 TOY 1960 |p 1259830 |r 2025-01-20 |w 2019-11-20 |y BK |k HIS | ||